Európsky trh podielových fondov hlavné trendy v roku 2006

Bibliographic Details
Main Author: Poklemba, Pavol (Author)
Format: Article
Language:Slovak
PhysicalDescription:Grafy, tab.
ISSN:1335-8235
Subjects:

MARC

LEADER 00000nab a2200000 a 4500
001 vtls008994320
003 SK-MaSNL
005 20260304140051.0
008 250505c2007 xo mr|p|||||||000 b|slo
015 |a SNBRB2007/05  |2 snkbucl 
035 |a (uuid)fd58e08a-dd81-43ee-af18-13c2e18f741f 
035 |a urn:nbn:sk:snk-ab1fiy 
035 |a (urnnbn)urn:nbn:sk:snk:ar-0036qq 
038 |a SNKBUCL 
040 |a SNKBUCL  |b slo  |c SNKBUCL  |e AACR2 
041 0 |a slo 
044 |a xo  |c SK 
080 |a 336.714:336.763.266  |x (4)  |2 2001 
100 1 |a Poklemba, Pavol  |4 aut  |9 267276 
245 1 0 |a Európsky trh podielových fondov  |b hlavné trendy v roku 2006  |c Pavol Poklemba 
300 |b Grafy, tab. 
650 0 7 |a podielové fondy  |2 snkbucl  |9 72082 
650 0 7 |a trh  |2 snkbucl  |9 406496 
651 7 |a Európa  |2 snkbucl  |9 167569 
773 0 |t Investor  |g Roč. VIII., č. 5 (2007), s. 20-21  |x 1335-8235 
850 |a Slovenská národná knižnica 
852 |a Slovenská národná knižnica 
954 |a odborná, vedecká literatúra pôvodná (slovenská)  |2 lita 
958 |a article2022 
958 |a OND 
958 |a EUIPO 
999 |c 2913409  |d 2915339